NBA Nicknames - Statistics

General Stats
  • This quiz has been taken 45 times
  • The average score is 14 of 25
Answer Stats
Hint Answer Number PPG Height Team Color % Correct
Greek Freak Giannis Antetokounmpo 34 24 6-11 Green
100%
The King LeBron James 23 27 6-9 Purple
100%
Slim Reaper Kevin Durant 35 24 6-11 Red
97%
Joker Nikola Jokic 15 21.8 6-11 Blue
97%
Baby-Faced Assassin Stephen Curry 30 24.8 6-2 Blue
91%
The Beard James Harden 1 24.1 6-5 Red
89%
Alien Victor Wembanyama 1 22.7 7-3 Black
86%
The Claw Kawhi Leonard 2 20.1 6-7 Red
80%
The Don Luka Doncic 77 28.7 6-6 Purple
80%
PG-13 Paul George 13 20.6 6-8 Blue
80%
The Point God Chris Paul 3 16.9 6-0 Black
71%
Unicorn Kristaps Porzingis 6 19.6 7-2 Red
54%
Buckets Jimmy Butler 23 18.3 6-7 Blue
49%
The Anomaly Jayson Tatum 0 23.6 6-8 Green
46%
Brodie Russell Westbrook 0 21.1 6-4 Purple
43%
The Great Barrier Thief Dyson Daniels 5 8.5 6-8 Red
40%
Captain Clutch Jalen Brunson 11 18.3 6-2 Orange
40%
Trigga Trey Trey Murphy III 25 14.9 6-8 Blue
34%
Steady Freddy Fred VanVleet 23 14.9 6-0 Red
29%
The Franchise Tyrese Maxey 0 19.8 6-2 Blue
20%
Cheddar Chet Holmgren 7 16.3 7-1 Blue
11%
Young Bull Collin Sexton 2 18.8 6-3 Blue
9%
Batman Nicolas Batum 40 9.9 6-8 Red
3%
The Shadow Toumani Camara 33 9.7 6-8 Black
3%
The Sheriff Walker Kessler 24 9.5 7-0 Blue
0%
No matching quizzes found
Score Distribution
Percent of People with Each Score
Percentile by Number Answered
Your Score History
You have not taken this quiz